[Event "Reunion op 16th"]
[Site "St Denis"]
[Date "2014.10.22"]
[Round "5"]
[White "Lacouture, Alexandre"]
[Black "Labrande, Emmanuel"]
[Result "1/2-1/2"]
[WhiteElo "1210"]
[BlackElo "1389"]
[PlyCount "60"]
[EventDate "2014.10.18"]
[EventType "swiss"]
[EventRounds "9"]
[EventCountry "RUF"]
[SourceTitle "EXT 2015"]
[Source "ChessBase"]
[SourceDate "2014.11.20"]
[SourceVersion "1"]
[SourceVersionDate "2014.11.20"]
[SourceQuality "1"]

1. d4 g6 2. e4 Bg7 3. Nf3 d6 4. Bc4 Nf6 5. Nc3 a6 6. 0-0 b5 7. Bb3 b4 8. Ne2 Nxe4 9. Bd5 Nxf2 10. Rxf2 c6 11. Bb3 0-0 12. Be3 d5 13. Qd2 a5 14. a4 Re8 15. Bh6 Bh8 16. Ng5 f6 17. Ne4 Bg7 18. Bxg7 Kxg7 19. Nc5 Na6 20. Nxa6 Bxa6 21. Re1 e5 22. dxe5 Rxe5 23. Nd4 Qe7 24. Rxe5 Qxe5 25. Nxc6 Qxb2 26. h3 Bc4 27. Bxc4 dxc4 28. Qd7+ Kh6 29. Qd2+ Kg7 30. Qd7+ Kh6 1/2-1/2